Statistics for Top 20 Most Influential Rappers

Click here to take the quiz!

General Stats

  • This quiz has been taken 211 times
  • The average score is 8 of 20

Answer Stats

#Rapper% Correct
172Pac
88%
14Eminem
86%
7The Notorious B.I.G.
83%
4Jay-Z
76%
1Kanye West
75%
8Drake
68%
3Lil Wayne
64%
5Nas
62%
19Snoop Dogg
56%
20Ice Cube
54%
16OutKast
35%
13MF Doom
16%
9Lil B
12%
2Gucci Mane
11%
10Lauryn Hill
11%
6UGK
8%
11Soulja Boy
5%
15Max B
4%
12Three 6 Mafia
4%
18Waka Flocka Flame
3%

Score Distribution

Percentile by Number Answered

Percent of People with Each Score

Your Score History

You have not taken this quiz